000
00235nam a2200097Ia 4500
001
807923
005
20250826171240.0
008
250824s9999 xx 000 0 und d
245
0
_a
YARIM KALAN
_c
ERTÜRK AKŞUN
260
_b
DESTEK YAYINLARI
999
_c
807923
_d
807923